Länder mit der größten Kartoffelproduktion - Statistiken

Allgemein
  • Dieses Quiz wurde 140 mal gespielt
  • Das Durchschnittsergebnis liegt bei 17 aus 25
Antwortstatistiken
Platz Land Produktion in Mrd. Tonnen % Korrekt
6. Deutschland 10,8
100%
1. China 99,1
98%
3. Russland 31,1
97%
5. Vereinigte Staaten 20
96%
20. Brasilien 3,9
90%
9. Frankreich 6,8
90%
2. Indien 43,8
87%
4. Ukraine 21,8
87%
18. Kanada 4,3
86%
8. Polen 8,9
86%
12. Vereinigtes Königreich 5,4
74%
15. Türkei 4,5
73%
10. Niederlande 6,5
68%
22. Belgien 3,4
67%
13. Iran 5,2
65%
21. Kasachstan 3,5
64%
11. Weißrussland 6
60%
25. Rumänien 2,7
59%
14. Ägypten 5
56%
17. Peru 4,4
56%
19. Pakistan 4
52%
23. Usbekistan 2,9
41%
15. Algerien 4,5
39%
7. Bangladesch 9,5
32%
24. Nepal 2,8
19%
Keine übereinstimmenden Quizze gefunden
Verteilung der Resultate
Anzahl Personen mit jedem Resultat
Perzentil nach korrekt beantworteten Fragen
Ihre Resultats-Entwicklung
Sie haben dieses Quiz noch nicht gespielt